000
00216nam a22000857a 4500
008
170130b xxu||||| |||| 00| 0 eng d
100
_9
2630
_a
Shivsagar Publishing
245
_a
Excel Rhymes-B
260
_a
New Delhi
_b
SP
_c
2010
999
_c
5774
_d
5774